000 00186 a2200097 4500
020 _a070918003998
041 _aspa
100 _aClaire Masurel
245 _aThat Bad, Bad cat
942 _cBK
999 _c6457
_d6457